Normal view
MARC view
Entry Geographic Name
001 - CONTROL NUMBER
- control field: 52449
003 - CONTROL NUMBER IDENTIFIER
- control field: ARRUPE
005 - DATE AND TIME OF LATEST TRANSACTION
- control field: 20240216094427.0
008 - FIXED-LENGTH DATA ELEMENTS
- fixed length control field: 240216|| aca||aabn | a|a d
040 ## - CATALOGING SOURCE
- Original cataloging agency: ARRUPE
- Transcribing agency: ARRUPE
151 ## - HEADING--GEOGRAPHIC NAME
- Geographic name: Zimbabwe
- General subdivision: History
- Chronological subdivision: Chimurenga War, 1966-1980
- General subdivision: Prisoners and prisons, Zimbabwean
670 ## - SOURCE DATA FOUND
- Source citation: Work cat.: (ARRUPE)131803: Wigglesworth, Tom. 29360, Perhaps tomorrow /, [1980?]